书目信息 |
| 题名: |
Premiere Pro CS6视频编辑项目教程
|
|
| 作者: | 薛志红 主编 | |
| 分册: | ||
| 出版信息: | 北京 人民邮电出版社 2020.06 |
|
| 页数: | 220页 | |
| 开本: | 26cm | |
| 丛书名: | 职业教育“十三五”数字媒体应用人才培养规划教材 | |
| 单 册: | ||
| 中图分类: | TP317.53 | |
| 科图分类: | ||
| 主题词: | 视频编辑软件--shi pin bian ji ruan jian--职业教育--教材 | |
| 电子资源: | ||
| ISBN: | 978-7-115-53340-1 | |
| 000 | 01146nam 2200289 450 | |
| 001 | 202020139974 | |
| 005 | 20200926181352.0 | |
| 010 | @a978-7-115-53340-1@dCNY46.00 | |
| 100 | @a20200917d2020 em y0chiy50 ea | |
| 101 | 0 | @achi |
| 102 | @aCN@b110000 | |
| 105 | @aa z 000yy | |
| 106 | @ar | |
| 200 | 1 | @aPremiere Pro CS6视频编辑项目教程@APremiere Pro CS6 shi pin bian ji xiang mu jiao cheng@e项目教学@f薛志红主编 |
| 205 | @a第2版 | |
| 210 | @a北京@c人民邮电出版社@d2020.06 | |
| 215 | @a220页@c图@d26cm | |
| 225 | 2 | @a职业教育“十三五”数字媒体应用人才培养规划教材@Azhi ye jiao yu “ shi san wu ”shu zi mei ti ying yong ren cai pei yang gui hua jiao cai |
| 300 | @a微课版 | |
| 330 | @a本书介绍Premiere Pro CS6的基本操作、以及使用Premiere Pro CS6制作电视节目包装、电子相册、电视纪录片、电视广告、电视节目、音乐MV等内容。 | |
| 410 | 0 | @12001 @a职业教育“十三五”数字媒体应用人才培养规划教材 |
| 606 | 0 | @a视频编辑软件@Ashi pin bian ji ruan jian@x职业教育@j教材 |
| 610 | 0 | @aPremiere Pro |
| 690 | @aTP317.53@v5 | |
| 701 | 0 | @a薛志红@Axue zhi hong@4主编 |
| 801 | 0 | @aCN@c20200519 |
| 905 | @a河南城建学院图书馆@dTP317.53@eX971 | |
| Premiere Pro CS6视频编辑项目教程:项目教学/薛志红主编.-第2版.-北京:人民邮电出版社,2020.06 |
| 220页:图;26cm.-(职业教育“十三五”数字媒体应用人才培养规划教材) |
| 微课版 |
| ISBN 978-7-115-53340-1:CNY46.00 |
| 本书介绍Premiere Pro CS6的基本操作、以及使用Premiere Pro CS6制作电视节目包装、电子相册、电视纪录片、电视广告、电视节目、音乐MV等内容。 |
| ● |
| 相关链接 |
|
|
|
正题名:Premiere Pro CS6视频编辑项目教程
索取号:TP317.53/X971
 
预约/预借
| 序号 | 登录号 | 条形码 | 馆藏地/架位号 | 状态 | 备注 |
| 1 | 1490133 | 214901338 | 自科库301/301自科库 60排2列1层/ [索取号:TP317.53/X971] | 在馆 | |
| 2 | 1490134 | 214901347 | 自科库301/301自科库 60排2列1层/ [索取号:TP317.53/X971] | 在馆 |